[Event "Kiel Cup U18"]
[Site "Kiel"]
[Date "2008.10.18"]
[Round "6.12"]
[White "Seemann, Tjark Lennart"]
[Black "Schneckenburger, Markus"]
[Result "0-1"]
[WhiteElo "809"]
[BlackElo "1137"]
[PlyCount "54"]
[EventDate "2008.10.16"]
[EventType "team-swiss"]
[EventRounds "7"]
[EventCountry "GER"]
[SourceTitle "EXT 2011"]
[Source "ChessBase"]
[SourceDate "2010.11.26"]
[SourceVersion "1"]
[SourceVersionDate "2010.11.26"]
[SourceQuality "1"]

1. e4 e5 2. Nf3 Nc6 3. Bc4 Bc5 4. Nc3 d6 5. h3 Nf6 6. d3 h6 7. Be3 Bb6 8. Bxb6 cxb6 9. Bb5 Bd7 10. d4 exd4 11. Nxd4 Nxd4 12. Bxd7+ Qxd7 13. Qxd4 0-0 14. Nd5 Nxe4 15. Nc3 Rfe8 16. Nxe4 Rxe4+ 17. Qxe4 Re8 18. Qxe8+ Qxe8+ 19. Kd1 Qb5 20. b3 Qd5+ 21. Kc1 Qxg2 22. Kb2 Qxf2 23. Raf1 Qd4+ 24. Kb1 f5 25. Re1 Kf7 26. Re2 Qc5 27. Rhh2 d5 0-1